| 000 | 00378nam a22001217a 4500 | ||
|---|---|---|---|
| 082 | _a346.052 | ||
| 100 | _aChaudhary, Muhammad Irfan-Ul-Haq | ||
| 245 |
_aThe Succession Act 1925 / _cMuhammad Irfan-Ul-Haq Chaudhary |
||
| 260 |
_aLahore : _bAl-Haq law Book Center, _c2018. |
||
| 300 |
_a447 p. ; _c24cm. |
||
| 942 |
_2ddc _cBK |
||
| 999 |
_c540991 _d540991 |
||